| 000 | 00908nam a2200229Ia 4500 | ||
|---|---|---|---|
| 003 | OSt | ||
| 005 | 20200924011822.0 | ||
| 008 | 191128s1954 ck aob gr 000 0dspa d | ||
| 040 |
_aCO-JMCR _cCO-JMCR |
||
| 041 | 0 | _aspa | |
| 082 | 0 | 4 |
_a918.6164 / _bC672c _223 |
| 100 | 1 |
_aCórdoba, Juan, _eautor _910758 |
|
| 245 | 1 | 0 |
_aCompendio geográfico de la intendencia del Caquetá / _cJuan B. Córdoba |
| 260 |
_aBogotá : _bImprenta Nacional, _c1954 |
||
| 300 |
_a159 páginas : _bfotografías y mapas a blanco y negro ; _c24 cm. |
||
| 500 | _aIncluye datos biográficos del autor. | ||
| 505 | 0 | _aGeografía matemática -- Geografía física -- Geografía política -- Geografía humana -- Geografía económica | |
| 650 | 1 | 4 |
_aGeografía económica _zCaquetá (Colombia) _910759 |
| 650 | 1 | 4 |
_aGeografía física _zCaquetá (Colombia) _910760 |
| 651 | 4 |
_aCaquetá (Colombia) _xgeografía _910761 |
|
| 942 |
_2ddc _cBK |
||
| 999 |
_c6240 _d6240 |
||